| 000 | 01036nam a2200253Ia 4500 | ||
|---|---|---|---|
| 003 | GCL | ||
| 008 | 140319s9999 xx 000 0 ara d | ||
| 020 | _a3564100977 | ||
| 040 |
_aGCL / _cGCL |
||
| 082 | 0 | 4 |
_aق _b953.09 _bح ف |
| 100 | 1 | _aالحموى , احمد بن محمد | |
| 245 | 1 | 0 |
_aفضائل سلاطين بنى عثمان : _b( تاريخ ملوك العثمانية و الوزراء الصدور و مشايخ الاسلام و القبودانات ) / _cالحموى , احمد بن محمد |
| 700 | 1 | _aمحسن محمد حسن سليم | |
| 250 | _aالاولى | ||
| 260 |
_aالقاهرة : _bدار الكتاب الجامعى ، _c1993 |
||
| 300 |
_a195 ص ؛ _c24سم |
||
| 490 | _a | ||
| 650 | 0 | 4 | _aالامبراطورية العثمانية |
| 650 | 0 | 4 | _aالملوك والحكام |
| 650 | 0 | 4 | _aالامراء |
| 650 | 0 | 4 | _aالتاريخ الاسلامى - الاحوال السياسية |
| 650 | 0 | 4 | _aالتاريخ الاسلامى - الاحوال الاجتماعية |
| 942 |
_2ddc _cBK |
||
| 999 |
_c36771 _d36771 |
||